Elementary information security / (Record no. 600428)
[ view plain ]
| 000 -LEADER | |
|---|---|
| fixed length control field | 00272nam a2200109Ia 4500 |
| 008 - FIXED-LENGTH DATA ELEMENTS--GENERAL INFORMATION | |
| fixed length control field | 230907s9999||||xx |||||||||||||| ||und|| |
| 082 ## - DEWEY DECIMAL CLASSIFICATION NUMBER | |
| Classification number | 5.8 |
| Author Mark | SMI |
| 100 ## - MAIN ENTRY--PERSONAL NAME | |
| Personal name | Smith, Richard E., |
| 245 #0 - TITLE STATEMENT | |
| Title | Elementary information security / |
| 300 ## - PHYSICAL DESCRIPTION | |
| Extent | xxi, 866 pages : |
| 942 ## - ADDED ENTRY ELEMENTS (KOHA) | |
| Koha item type | Book |
| Withdrawn status | Lost status | Damaged status | Not for loan | Permanent Location | Current Location | Date acquired | Total Checkouts | Full call number | Barcode | Date last seen | Price effective from | Koha item type |
|---|---|---|---|---|---|---|---|---|---|---|---|---|
| US-Pakistan Center for Advanced Studies in Energy (USPCAS-E) | US-Pakistan Center for Advanced Studies in Energy (USPCAS-E) | 11/21/2019 | 005.8 SMI | CAS-E0004527 | 09/12/2023 | 09/12/2023 | Book |
